000 00691nam a22001577a 4500
003 OSt
005 20150916113044.0
008 150916b xxu||||| |||| 00| 0 eng d
040 _cRUA
082 _aAGR YI 2003 B029 Or.1
100 _9588
_aYI PICH
245 _apesticide use in vegetable production of the farmers of samrong tong district of kampong speu province,(ការប្រើប្រាស់ថ្នំាកសិកម្មរបស់ប្រជាកសិករនៅស្រុកសំរោង​ ខេត្តកំពង់ស្ពឺ លើដំណំាបន្លែ)
260 _aphnom penh
_bRUA
_c2003
300 _a41p.
_cill.
_g29cm.
942 _2ddc
_cAGR
999 _c566
_d566